[Event "1. OEsterreichische Internet Schach Meisterschaft - Vorrunde 3"]
[Site "Online - Playchess.com"]
[Date ""]
[Round "1"]
[Board "56"]
[White "Schein, Leopold"]
[Black "Kuecher, Wolfgang"]
[Result "0-1"]
[WhiteElo "1584"]
[BlackElo "2117"]
[PlyCount "108"]
[EventDate "2020.04.17"]
[EventRounds "9"]
[EventCountry "AUT"]

1. d4 Nf6 2. Bf4 c5 3. e3 Nc6 4. c3 g6 5. Nd2 Bg7 6. Ngf3 cxd4 7. exd4 O-O 8. Be2
d6 9. O-O Bd7 10. Qb3 b6 11. d5 Na5 12. Qa3 Nxd5 13. Bg3 Qc7 14. Rac1 Rac8 15. c4
Nf6 16. b4 Nc6 17. c5 bxc5 18. bxc5 Ne8 19. cxd6 Nxd6 20. Rfd1 Qa5 21. Bxd6 exd6
22. Qxd6 Rfd8 23. Qf4 Be6 24. Bc4 Bxc4 25. Nxc4 Qa4 26. Rxd8+ Rxd8 27. Qe3 Rd1+ 28.
Rxd1 Qxd1+ 29. Qe1 Qd7 30. h3 h6 31. Nfe5 Nxe5 32. Nxe5 Qe6 33. Nf3 Qxa2 34. Qe8+
Bf8 35. Ne5 a5 36. Nd7 Qa3 37. g3 Qe7 38. Qxe7 Bxe7 39. Nb6 Kf8 40. Na4 Ke8 41. Kf1
Kd7 42. Ke2 Kc6 43. Kd3 Kb5 44. Nc3+ Kc6 45. Kc4 Bf8 46. Na4 f5 47. f4 Bb4 48. g4
Bd2 49. gxf5 gxf5 50. Kd4 Bxf4 51. Kd3 Bd6 52. Nb2 Kd5 53. Ke3 Be5 54. Kf3 Bxb2  0-1

[Event "1. OEsterreichische Internet Schach Meisterschaft - Vorrunde 3"]
[Site "Online - Playchess.com"]
[Date ""]
[Round "1"]
[Board "57"]
[White "Schloffer, Jasmin-Denise"]
[Black "Ardelt, Hannes"]
[Result "1-0"]
[WhiteElo "2110"]
[BlackElo "1732"]
[PlyCount "79"]
[EventDate "2020.04.17"]
[EventRounds "9"]
[EventCountry "AUT"]

1. d4 d5 2. c4 Nf6 3. cxd5 Nxd5 4. e4 Nf6 5. Nc3 e6 6. Nf3 Be7 7. Bd3 O-O 8. O-O
c6 9. Bg5 b5 10. a3 Nfd7 11. Bxe7 Qxe7 12. Bc2 Bb7 13. e5 c5 14. d5 exd5 15. Nxd5
Bxd5 16. Qxd5 Nb6 17. Qe4 g6 18. Rad1 N8d7 19. Rfe1 Qe6 20. Qh4 Kg7 21. Rd6 Qe8 22.
Ng5 h6 23. Nf3 Nc8 24. Rdd1 Qe6 25. Qe4 Ncb6 26. Rd6 Qe7 27. Nh4 Qg5 28. Nxg6 Nc4
29. Nxf8 Kxf8 30. Rxd7 Re8 31. Qd5 Re7 32. Rd8+ Kg7 33. Qe4 Rxe5 34. Qh7+ Kf6 35.
Rxe5 Nxe5 36. h4 Nf3+ 37. Kf1 Qc1+ 38. Rd1 Nd2+ 39. Ke2 Qxb2 40. Qf5+  1-0

[Event "1. OEsterreichische Internet Schach Meisterschaft - Vorrunde 3"]
[Site "Online - Playchess.com"]
[Date ""]
[Round "1"]
[Board "58"]
[White "Teuschler, Hugo"]
[Black "Krassnitzer, Julia"]
[Result "1-0"]
[WhiteElo "2055"]
[BlackElo "1803"]
[PlyCount "81"]
[EventDate "2020.04.17"]
[EventRounds "9"]
[EventCountry "AUT"]

1. e4 d5 2. exd5 Nf6 3. d4 Nxd5 4. c4 Nf6 5. Nc3 Bf5 6. Nf3 e6 7. Be2 Bb4 8. O-O
O-O 9. a3 Be7 10. Re1 c5 11. Be3 cxd4 12. Nxd4 Bg6 13. Bf3 Qc8 14. Rc1 Rd8 15. Qe2
Na6 16. b4 Rb8 17. c5 Nc7 18. Red1 a6 19. Na4 Ncd5 20. Nb6 Qc7 21. Nxd5 Nxd5 22.
Nb3 Bf6 23. Bd4 Bxd4 24. Rxd4 Nf4 25. Qe3 e5 26. Rxd8+ Rxd8 27. Rd1 Rxd1+ 28. Bxd1
Qd7 29. Qd2 Qxd2 30. Nxd2 f6 31. Bf3 Bd3 32. Bxb7 Ne2+ 33. Kh1 Nd4 34. c6 Ne6 35.
Nb3 Kf8 36. Nc5 Nc7 37. Nxd3 Ke8 38. Nc5 Kd8 39. Nxa6 Nxa6 40. Bxa6 Kc7 41. b5  1-0

[Event "1. OEsterreichische Internet Schach Meisterschaft - Vorrunde 3"]
[Site "Online - Playchess.com"]
[Date ""]
[Round "1"]
[Board "59"]
[White "Guetz, Wolfgang"]
[Black "Kosc, Renata"]
[Result "1-0"]
[WhiteElo "2078"]
[BlackElo "1988"]
[PlyCount "137"]
[EventDate "2020.04.17"]
[EventRounds "9"]
[EventCountry "AUT"]

1. e4 c5 2. Nf3 Nc6 3. Bb5 e6 4. Bxc6 bxc6 5. O-O d5 6. e5 Ne7 7. Re1 Nf5 8. d3 Be7
9. Nc3 O-O 10. Ne2 a5 11. Ng3 Nxg3 12. hxg3 a4 13. a3 Qc7 14. Bf4 h6 15. g4 f6 16.
exf6 Qxf4 17. fxe7 Re8 18. Ne5 Bb7 19. Qc1 Qf6 20. Qe3 d4 21. Qe4 Rxe7 22. Ng6 Rf7
23. Re2 Re8 24. Rf1 c4 25. dxc4 c5 26. Qd3 e5 27. Qf5 Qxf5 28. gxf5 Rxf5 29. Nh4
Rf6 30. Rfe1 Ref8 31. Rxe5 Rxf2 32. R1e2 Rxe2 33. Rxe2 Rf4 34. Re8+ Kh7 35. Rh8+
Kxh8 36. Ng6+ Kh7 37. Nxf4 Be4 38. Ne6 Bxc2 39. Kf2 Bd3 40. Nxc5 Bxc4 41. Nxa4 Kg6
42. Nc5 Kf5 43. a4 Ke5 44. Ke1 Kd5 45. Nd7 Kc6 46. Ne5+ Kc5 47. Nxc4 Kxc4 48. Kd2
Kb4 49. b3 g5 50. Kd3 Kc5 51. a5 h5 52. b4+ Kb5 53. Kxd4 g4 54. Ke3 h4 55. Kf4 g3
56. Kg4 h3 57. Kxh3 Kxb4 58. a6 Kc4 59. a7 Kd4 60. a8=Q Kc4 61. Kxg3 Kc3 62. Kf4
Kd4 63. Qe4+ Kc3 64. Qd5 Kb2 65. Ke3 Ka3 66. Qb7 Ka4 67. Kd3 Ka5 68. Kc4 Ka4 69.
Qb4#  1-0

[Event "1. OEsterreichische Internet Schach Meisterschaft - Vorrunde 3"]
[Site "Online - Playchess.com"]
[Date ""]
[Round "1"]
[Board "60"]
[White "Studener, Simon"]
[Black "Maierhofer, Johann"]
[Result "0-1"]
[WhiteElo "1678"]
[BlackElo "2087"]
[PlyCount "26"]
[EventDate "2020.04.17"]
[EventRounds "9"]
[EventCountry "AUT"]

1. e4 e5 2. Nf3 Nf6 3. Nc3 Nc6 4. d4 exd4 5. Nxd4 Bb4 6. Nxc6 bxc6 7. Bg5 Be7 8.
Bd3 O-O 9. h3 d5 10. exd5 cxd5 11. Bxf6 Bxf6 12. O-O c6 13. Re1 Be6  0-1

[Event "1. OEsterreichische Internet Schach Meisterschaft - Vorrunde 3"]
[Site "Online - Playchess.com"]
[Date ""]
[Round "1"]
[Board "61"]
[White "Soelkner, Julian"]
[Black "Moritz, Christian"]
[Result "0-1"]
[WhiteElo "1484"]
[BlackElo "2077"]
[PlyCount "88"]
[EventDate "2020.04.17"]
[EventRounds "9"]
[EventCountry "AUT"]

1. e4 e6 2. Nf3 d5 3. exd5 exd5 4. d4 Bd6 5. Bd3 Nc6 6. O-O Nb4 7. Bb5+ c6 8. Ba4
Ne7 9. c3 Na6 10. Re1 Bg4 11. Bc2 Nc7 12. Nbd2 Ne6 13. Nf1 Qc7 14. Ng3 O-O-O 15.
b4 h5 16. h3 h4 17. Nf1 Bf5 18. a4 Bf4 19. Ne3 Bxc2 20. Qxc2 g6 21. b5 g5 22. Ng4
Rdf8 23. Ba3 Bd6 24. Bxd6 Qxd6 25. c4 f5 26. Nge5 g4 27. c5 Qc7 28. hxg4 fxg4 29.
Nd2 Nxd4 30. Qd3 Nef5 31. Rab1 g3 32. f3 h3 33. Ng6 hxg2 34. Nxh8 Rxh8 35. Kxg2 Rh2+
36. Kg1 Qh7 37. Re8+ Kc7 38. Re7+ Qxe7 39. Ne4 dxe4 40. fxe4 Qh7 41. b6+ axb6 42.
cxb6+ Kd7 43. Kf1 Rf2+ 44. Kg1 Qh2#  0-1

[Event "1. OEsterreichische Internet Schach Meisterschaft - Vorrunde 3"]
[Site "Online - Playchess.com"]
[Date ""]
[Round "1"]
[Board "62"]
[White "Milanollo, Mario"]
[Black "Gaspar, Zdravko"]
[Result "1-0"]
[WhiteElo "2053"]
[BlackElo "1618"]
[PlyCount "31"]
[EventDate "2020.04.17"]
[EventRounds "9"]
[EventCountry "AUT"]

1. e4 c6 2. d4 d5 3. Nc3 dxe4 4. Nxe4 Nd7 5. Nf3 Ngf6 6. Ng3 e6 7. a3 Be7 8. Bc4
Qc7 9. Qe2 b6 10. Ng5 Bb7 11. O-O h6 12. Nxf7 Kxf7 13. Qxe6+ Ke8 14. Nf5 Qd8 15.
Nxg7+ Kf8 16. Qf7#  1-0

[Event "1. OEsterreichische Internet Schach Meisterschaft - Vorrunde 3"]
[Site "Online - Playchess.com"]
[Date ""]
[Round "1"]
[Board "63"]
[White "Jeitler, Selina"]
[Black "Lichtl, Erich"]
[Result "0-1"]
[WhiteElo "1201"]
[BlackElo "2096"]
[PlyCount "42"]
[EventDate "2020.04.17"]
[EventRounds "9"]
[EventCountry "AUT"]

1. e4 c6 2. d4 d5 3. c4 dxe4 4. Nc3 Nf6 5. Bg5 Bf5 6. f3 exf3 7. Nxf3 e6 8. Be2 Be7
9. O-O O-O 10. c5 Nd5 11. Bxe7 Qxe7 12. Ne5 Ne3 13. Qd2 Nxf1 14. Rxf1 Nd7 15. Nf3
Rad8 16. Qf4 h6 17. Qc7 Rb8 18. Ne5 Rfd8 19. Nxd7 Qxd7 20. Qg3 Qxd4+ 21. Kh1 Qxc5
 0-1

[Event "1. OEsterreichische Internet Schach Meisterschaft - Vorrunde 3"]
[Site "Online - Playchess.com"]
[Date ""]
[Round "1"]
[Board "64"]
[White "Reyhani, Adel"]
[Black "Wiedermann, Daniel"]
[Result "1-0"]
[WhiteElo "1918"]
[BlackElo "2048"]
[PlyCount "89"]
[EventDate "2020.04.17"]
[EventRounds "9"]
[EventCountry "AUT"]

1. e4 c6 2. d4 d5 3. f3 dxe4 4. fxe4 e5 5. Nf3 Bg4 6. c3 Nd7 7. Bc4 Bh5 8. O-O Ngf6
9. Nbd2 Bd6 10. a4 O-O 11. Kh1 Qc7 12. Qc2 Rae8 13. Bd3 a5 14. Nc4 Bxf3 15. Rxf3
exd4 16. Nxd6 Qxd6 17. Bf4 Ne5 18. Bxe5 Qxe5 19. Rf5 Qd6 20. Raf1 dxc3 21. bxc3 Re5
22. Rxf6 gxf6 23. Rf3 Rd8 24. Bf1 Rh5 25. h3 Rg5 26. Qf2 Qd2 27. Qh4 Qd6 28. Bc4
Qe5 29. Qh6 Rd1+ 30. Bf1 Rd6 31. Qh4 b5 32. axb5 cxb5 33. c4 b4 34. c5 Qxc5 35. e5
Qxe5 36. Bd3 Rg7 37. Qc4 Rxd3 38. Qxd3 Qe1+ 39. Kh2 Qe5+ 40. Kh1 Qe8 41. Re3 Qa8
42. Re2 a4 43. Qe3 a3 44. Qe8+ Qxe8 45. Rxe8#  1-0

[Event "1. OEsterreichische Internet Schach Meisterschaft - Vorrunde 3"]
[Site "Online - Playchess.com"]
[Date ""]
[Round "1"]
[Board "66"]
[White "Enne, Harald"]
[Black "Riemelmoser, Stefan"]
[Result "0-1"]
[WhiteElo "1916"]
[BlackElo "2046"]
[PlyCount "42"]
[EventDate "2020.04.17"]
[EventRounds "9"]
[EventCountry "AUT"]

1. d4 e6 2. c4 d5 3. Nc3 Nf6 4. Bg5 Be7 5. e3 h6 6. Bh4 O-O 7. Nf3 b6 8. cxd5 Nxd5
9. Bxe7 Qxe7 10. Bd3 Bb7 11. O-O Nxc3 12. bxc3 Nd7 13. e4 c5 14. Re1 cxd4 15. cxd4
Nf6 16. Rc1 Rac8 17. Ne5 Qa3 18. Qe2 Rxc1 19. Bb1 Rxe1+ 20. Qxe1 Rc8 21. Nd3 Bxe4
 0-1

[Event "1. OEsterreichische Internet Schach Meisterschaft - Vorrunde 3"]
[Site "Online - Playchess.com"]
[Date ""]
[Round "1"]
[Board "68"]
[White "Kwech, Andreas"]
[Black "Sulzbacher, Michael"]
[Result "1-0"]
[WhiteElo "1901"]
[BlackElo "2018"]
[PlyCount "177"]
[EventDate "2020.04.17"]
[EventRounds "9"]
[EventCountry "AUT"]

1. e4 g6 2. d4 Bg7 3. c3 d6 4. f4 Nd7 5. Nf3 c5 6. Be3 cxd4 7. cxd4 Qa5+ 8. Nc3 Qb6
9. Qd2 Ngf6 10. e5 Ng4 11. Bg1 O-O 12. h3 Nh6 13. Bf2 e6 14. Bd3 a6 15. O-O d5 16.
a3 Qd8 17. Kh2 Kh8 18. g4 Ng8 19. Be3 b5 20. Qf2 Nb6 21. Nh4 Nc4 22. Bc1 f5 23. gxf5
exf5 24. Nf3 Bh6 25. Rg1 Be6 26. Ng5 Bxg5 27. Rxg5 Rf7 28. h4 Rg7 29. h5 h6 30. Rxg6
Rxg6 31. hxg6 Kg7 32. Be3 Nxe3 33. Qxe3 Qh4+ 34. Kg2 Qg4+ 35. Qg3 Qxg6 36. Qxg6+
Kxg6 37. Rg1 Ne7 38. Kf3+ Kf7 39. Be2 Rg8 40. Rh1 Kg7 41. Kf2 Bf7 42. Bd3 h5 43.
Be2 Kh6 44. Bf3 Rg7 45. Rh2 Rg6 46. Bxh5 Kg7 47. Bxg6 Nxg6 48. Kf3 Be6 49. Nd1 Kf7
50. Ne3 Kg7 51. Rc2 Nh4+ 52. Kg3 Ng6 53. Rc7+ Kf8 54. Rc6 Ke7 55. Rxa6 Nf8 56. b3
Nd7 57. a4 bxa4 58. bxa4 Nb8 59. Ra7+ Kd8 60. a5 Nc6 61. Ra8+ Kc7 62. a6 Nxd4 63.
a7 Kb7 64. Rf8 Kxa7 65. Rd8 Ne2+ 66. Kf3 Nd4+ 67. Kf2 Kb7 68. Nxd5 Nb3 69. Ne7 Nc5
70. Rf8 Nd3+ 71. Ke3 Nb4 72. Nxf5 Kc7 73. Nd4 Ba2 74. Rh8 Kd7 75. f5 Nd5+ 76. Ke4
Nc3+ 77. Kf4 Nd5+ 78. Kg5 Ke7 79. Rh7+ Kf8 80. Ne6+ Kg8 81. Ra7 Ne3 82. Kf6 Bxe6
83. Kxe6 Nc4 84. f6 Nb6 85. f7+ Kg7 86. Kf5 Nd5 87. e6 Kf8 88. Ra8+ Ke7 89. f8=Q#
 1-0

[Event "1. OEsterreichische Internet Schach Meisterschaft - Vorrunde 3"]
[Site "Online - Playchess.com"]
[Date ""]
[Round "1"]
[Board "69"]
[White "Gall, Bernhard"]
[Black "Mayrhuber, Tobias"]
[Result "0-1"]
[WhiteElo "1244"]
[BlackElo "2045"]
[PlyCount "34"]
[EventDate "2020.04.17"]
[EventRounds "9"]
[EventCountry "AUT"]

1. e4 e5 2. Nf3 Nc6 3. d4 exd4 4. Nxd4 Nf6 5. Nc3 Bb4 6. Nxc6 bxc6 7. Bd2 O-O 8.
Bc4 d5 9. exd5 Re8+ 10. Be2 Bxc3 11. Bxc3 Ba6 12. Bxf6 Qxf6 13. O-O Bxe2 14. Qd2
Bxf1 15. Kxf1 Qxb2 16. Re1 Rxe1+ 17. Qxe1 Qb5+  0-1

[Event "1. OEsterreichische Internet Schach Meisterschaft - Vorrunde 3"]
[Site "Online - Playchess.com"]
[Date ""]
[Round "1"]
[Board "70"]
[White "Katter, Katharina"]
[Black "Marakovits, Nico"]
[Result "1-0"]
[WhiteElo "1930"]
[BlackElo "2105"]
[PlyCount "83"]
[EventDate "2020.04.17"]
[EventRounds "9"]
[EventCountry "AUT"]

1. d4 Nf6 2. Nf3 g6 3. e3 Bg7 4. b3 O-O 5. Bb2 d6 6. Be2 Nbd7 7. O-O c6 8. c4 Qc7
9. Qc2 Re8 10. Nbd2 e5 11. dxe5 dxe5 12. e4 Nh5 13. g3 Nhf6 14. c5 h5 15. b4 Ng4
16. Nc4 b5 17. Nd6 Re7 18. Rfd1 Nf8 19. a4 bxa4 20. Rxa4 Be6 21. h3 Nh6 22. Ng5 f6
23. Nxe6 Nxe6 24. Bc4 Kh7 25. Kg2 Ng5 26. h4 Ngf7 27. f3 Rd7 28. Nxf7 Nxf7 29. Raa1
Rad8 30. Qb3 Rxd1 31. Rxd1 Nh6 32. Rd3 a5 33. Ba3 Rxd3 34. Qxd3 axb4 35. Bxb4 Nf7
36. Qa3 Nd8 37. Qa6 Nb7 38. Qa7 Bf8 39. Ba6 Bxc5 40. Bxc5 Qa5 41. Qxb7+ Kh6 42. Bf8#
 1-0

[Event "1. OEsterreichische Internet Schach Meisterschaft - Vorrunde 3"]
[Site "Online - Playchess.com"]
[Date ""]
[Round "1"]
[Board "71"]
[White "Meglitsch, Konstantin"]
[Black "Stolzlechner, Andreas"]
[Result "1/2-1/2"]
[WhiteElo "2041"]
[BlackElo "1883"]
[PlyCount "138"]
[EventDate "2020.04.17"]
[EventRounds "9"]
[EventCountry "AUT"]

1. e4 e5 2. Nf3 Nc6 3. Bb5 Nf6 4. O-O Nxe4 5. Re1 Nd6 6. Nxe5 Be7 7. Bxc6 dxc6 8.
d4 O-O 9. c3 Bf5 10. Nd2 f6 11. Nef3 Bg4 12. h3 Bh5 13. Ne4 Nxe4 14. Rxe4 Qd7 15.
Bf4 Rae8 16. Qe2 Bd6 17. Bxd6 cxd6 18. Re1 d5 19. Re3 Rxe3 20. Qxe3 Re8 21. Qd2 Bxf3
22. Rxe8+ Qxe8 23. gxf3 Qg6+ 24. Kh2 Qf5 25. Qe3 h6 26. f4 Qe4 27. Kg3 f5 28. Qxe4
fxe4 29. Kg4 g6 30. f5 Kg7 31. Kf4 g5+ 32. Ke5 h5 33. f6+ Kf7 34. Kf5 g4 35. hxg4
hxg4 36. Kxg4 Kxf6 37. Kf4 Ke6 38. Kg5 a5 39. a4 b5 40. b3 Ke7 41. Kf5 Kf7 42. Ke5
Ke7 43. Kf5 Kf7 44. Kg5 bxa4 45. bxa4 Kg7 46. Kf5 Kf7 47. Ke5 Ke7 48. c4 dxc4 49.
Kxe4 Kf6 50. f4 Ke6 51. f5+ Kf6 52. Kf4 c3 53. Ke3 Kxf5 54. Kd3 c2 55. Kxc2 Ke4 56.
Kc3 Ke3 57. Kc4 Ke4 58. Kc5 Ke3 59. d5 cxd5 60. Kxd5 Kd3 61. Kc5 Ke4 62. Kb5 Kd5
63. Kxa5 Kc6 64. Ka6 Kc7 65. Ka7 Kc8 66. a5 Kc7 67. a6 Kc8 68. Ka8 Kc7 69. a7 Kc8
 1/2-1/2

[Event "1. OEsterreichische Internet Schach Meisterschaft - Vorrunde 3"]
[Site "Online - Playchess.com"]
[Date ""]
[Round "1"]
[Board "72"]
[White "Schein, Alexander"]
[Black "Lerch, Johannes"]
[Result "1-0"]
[WhiteElo "1631"]
[BlackElo "2005"]
[PlyCount "65"]
[EventDate "2020.04.17"]
[EventRounds "9"]
[EventCountry "AUT"]

1. e4 c5 2. Nf3 d6 3. d4 cxd4 4. Nxd4 Nf6 5. Nc3 g6 6. Bc4 Bg7 7. O-O O-O 8. Be3
a6 9. Qd2 Ng4 10. Rad1 Nxe3 11. Qxe3 b5 12. Bd5 Ra7 13. Ne6 fxe6 14. Qxa7 exd5 15.
Qxb8 dxe4 16. Rfe1 Qe8 17. Nxe4 Qf7 18. Qb6 d5 19. Ng5 Qf5 20. Qe3 d4 21. Qg3 e5
22. Qh4 h6 23. Nf3 g5 24. Qg3 Re8 25. Nxd4 Qf6 26. Nf3 Bb7 27. h3 e4 28. Nd2 Qxb2
29. Nxe4 Be5 30. Qf3 Qxc2 31. Nf6+ Bxf6 32. Qxb7 Rxe1+ 33. Rxe1  1-0

[Event "1. OEsterreichische Internet Schach Meisterschaft - Vorrunde 3"]
[Site "Online - Playchess.com"]
[Date ""]
[Round "1"]
[Board "74"]
[White "Thummer, Philipp"]
[Black "Bachner, Karsten"]
[Result "0-1"]
[WhiteElo "1207"]
[BlackElo "1997"]
[PlyCount "52"]
[EventDate "2020.04.17"]
[EventRounds "9"]
[EventCountry "AUT"]

1. e4 e6 2. d4 d5 3. exd5 exd5 4. c4 dxc4 5. Bxc4 Nf6 6. Be3 Be7 7. Ne2 O-O 8. O-O
Nbd7 9. Nbc3 Nb6 10. Bb3 Bg4 11. Rc1 Qd7 12. f3 Bf5 13. Qd2 c6 14. Ng3 Bg6 15. Nce4
Rad8 16. Rfd1 Nfd5 17. Bf2 Rfe8 18. Nc5 Qc8 19. Nge4 Bf8 20. a4 Bxe4 21. fxe4 Nf6
22. e5 Nfd5 23. Qa5 Qg4 24. Qa6 bxa6 25. Nxa6 Nf4 26. g3 Ne2+  0-1

[Event "1. OEsterreichische Internet Schach Meisterschaft - Vorrunde 3"]
[Site "Online - Playchess.com"]
[Date ""]
[Round "1"]
[Board "75"]
[White "Tauber, Andreas"]
[Black "Kainz, Josef"]
[Result "1-0"]
[WhiteElo "1972"]
[BlackElo "2005"]
[PlyCount "87"]
[EventDate "2020.04.17"]
[EventRounds "9"]
[EventCountry "AUT"]

1. c4 g6 2. Nc3 Bg7 3. e4 e5 4. Nf3 Ne7 5. d4 exd4 6. Nxd4 c5 7. Ndb5 O-O 8. Bf4
Na6 9. Qd2 Nc6 10. Nd5 Qa5 11. Qxa5 Nxa5 12. Rb1 Re8 13. f3 Be5 14. Bxe5 Rxe5 15.
Be2 b6 16. O-O Bb7 17. Ne3 f5 18. Nd6 Bc6 19. f4 Re6 20. e5 Nb7 21. Nxb7 Bxb7 22.
Nd5 Rae8 23. Bf3 Kh8 24. Nf6 Rb8 25. Nxd7 Bxf3 26. Nxb8 Nxb8 27. Rxf3 Nc6 28. h3
Nd4 29. Rf2 Kg7 30. a3 g5 31. g3 h5 32. Kg2 Kg6 33. b4 gxf4 34. gxf4 Kh6 35. bxc5
bxc5 36. Rb8 Rg6+ 37. Kh2 Ne6 38. Rh8+ Kg7 39. Rxh5 Nd4 40. Rg5 Rxg5 41. fxg5 Kg6
42. h4 Ne6 43. Kg3 Nd4 44. Kf4  1-0

[Event "1. OEsterreichische Internet Schach Meisterschaft - Vorrunde 3"]
[Site "Online - Playchess.com"]
[Date ""]
[Round "1"]
[Board "76"]
[White "Dilly, Julian"]
[Black "Kozissnik, Christian"]
[Result "0-1"]
[WhiteElo "1502"]
[BlackElo "2023"]
[PlyCount "46"]
[EventDate "2020.04.17"]
[EventRounds "9"]
[EventCountry "AUT"]

1. Nf3 d5 2. g3 c6 3. Bg2 e6 4. d3 f5 5. Nbd2 Nf6 6. O-O Be7 7. c4 O-O 8. b3 Nbd7
9. Bb2 Qc7 10. Re1 e5 11. e4 fxe4 12. dxe4 d4 13. a3 Nc5 14. Bf1 Bg4 15. h3 Bxf3
16. Qxf3 Nfxe4 17. Qxf8+ Rxf8 18. Nxe4 Nxb3 19. Rab1 Nc5 20. Nxc5 Bxc5 21. Rbd1 Qf7
22. Rd2 d3 23. Bxd3 Bxf2+  0-1

[Event "1. OEsterreichische Internet Schach Meisterschaft - Vorrunde 3"]
[Site "Online - Playchess.com"]
[Date ""]
[Round "1"]
[Board "77"]
[White "Hofer, Martin"]
[Black "Nisavic, Uros"]
[Result "0-1"]
[WhiteElo "1603"]
[BlackElo "2073"]
[PlyCount "114"]
[EventDate "2020.04.17"]
[EventRounds "9"]
[EventCountry "AUT"]

1. e4 e5 2. Nf3 Nc6 3. Bc4 Bc5 4. O-O Nf6 5. h3 O-O 6. Re1 d6 7. Nc3 Be6 8. Qe2 Qe8
9. Bb5 a6 10. Bxc6 Qxc6 11. d3 Rad8 12. a3 h6 13. Bd2 Rfe8 14. Rac1 Ba7 15. Be3 Bxe3
16. Qxe3 Nh5 17. Ne2 Qd7 18. Kh2 f5 19. exf5 Bxf5 20. Nh4 Nf6 21. Ng3 Bh7 22. Ne4
Nxe4 23. dxe4 Rf8 24. Qg3 Qf7 25. f3 Qf4 26. Qxf4 Rxf4 27. Kg3 g5 28. Nf5 Bxf5 29.
exf5 Rxf5 30. Re4 Kf7 31. Rce1 Rg8 32. Kf2 Rf4 33. g3 Rxe4 34. Rxe4 Ke6 35. Rb4 b6
36. Rc4 Rg7 37. b4 Rf7 38. Rc3 Kd5 39. Ke3 h5 40. g4 hxg4 41. hxg4 Rh7 42. Kf2 c5
43. bxc5 bxc5 44. Rd3+ Kc6 45. c4 Rh2+ 46. Kg3 Rc2 47. Kh3 Rxc4 48. Kg3 d5 49. Rb3
d4 50. Rb8 d3 51. Rd8 Rd4 52. Re8 d2 53. Rxe5 d1=Q 54. Rxg5 Qe1+ 55. Kg2 Rd2+ 56.
Kh3 Qh1+ 57. Kg3 Qh2#  0-1

[Event "1. OEsterreichische Internet Schach Meisterschaft - Vorrunde 3"]
[Site "Online - Playchess.com"]
[Date ""]
[Round "1"]
[Board "78"]
[White "Knoll, Martin"]
[Black "Grafenberger, Dieter"]
[Result "1-0"]
[WhiteElo "2018"]
[BlackElo "1953"]
[PlyCount "75"]
[EventDate "2020.04.17"]
[EventRounds "9"]
[EventCountry "AUT"]

1. d4 d6 2. Nc3 c6 3. e4 Nd7 4. f4 Qc7 5. Nf3 e5 6. dxe5 dxe5 7. Bc4 Be7 8. O-O Ngf6
9. fxe5 Nxe5 10. Nxe5 Qxe5 11. Kh1 O-O 12. Bf4 Qc5 13. Bb3 b5 14. e5 Nd7 15. e6 Nf6
16. exf7+ Kh8 17. Qe2 b4 18. Ne4 Qa5 19. Bd6 Bxd6 20. Nxd6 Bg4 21. Qe7 Qh5 22. Rxf6
Qg5 23. Ne4 Qh4 24. Rf4 Qxe7 25. Rxg4 Rxf7 26. Bxf7 Qxf7 27. Rg3 Qd5 28. Ng5 Rd8
29. Rf1 Kg8 30. h4 h6 31. Nf3 Qc4 32. Re1 Qxc2 33. Re7 Qxb2 34. Ne5 Rd1+ 35. Kh2
Qb1 36. Rgxg7+ Kf8 37. Rgf7+ Kg8 38. Re8#  1-0

[Event "1. OEsterreichische Internet Schach Meisterschaft - Vorrunde 3"]
[Site "Online - Playchess.com"]
[Date ""]
[Round "1"]
[Board "79"]
[White "Streiter, Gerhard"]
[Black "Moerzinger, Christian Jun."]
[Result "1-0"]
[WhiteElo "1973"]
[BlackElo "1638"]
[PlyCount "71"]
[EventDate "2020.04.17"]
[EventRounds "9"]
[EventCountry "AUT"]

1. e4 e5 2. Bc4 Nc6 3. Nf3 g6 4. O-O Bg7 5. c3 Nf6 6. Re1 O-O 7. d4 d6 8. h3 h6 9.
a4 Kh7 10. a5 Nh5 11. a6 b6 12. Bd5 Bd7 13. Na3 Rb8 14. Nc4 Ne7 15. dxe5 Nxd5 16.
exd5 dxe5 17. Ncxe5 f5 18. Qd3 Re8 19. Bd2 Bc8 20. Nc6 Rxe1+ 21. Rxe1 Qd6 22. Nxb8
Nf6 23. c4 Ne4 24. Bc3 Nxc3 25. bxc3 c5 26. Nc6 Bxa6 27. Nxa7 Qf6 28. Re6 Qd8 29.
Nb5 Bxb5 30. cxb5 Qd7 31. Ne5 Bxe5 32. Rxe5 Qd8 33. d6 c4 34. Qd5 Qg5 35. Re7+ Kh8
36. Qa8#  1-0

[Event "1. OEsterreichische Internet Schach Meisterschaft - Vorrunde 3"]
[Site "Online - Playchess.com"]
[Date ""]
[Round "1"]
[Board "80"]
[White "Chen, Qingxia"]
[Black "Rosol, Alexander"]
[Result "0-1"]
[WhiteElo "1776"]
[BlackElo "1933"]
[PlyCount "92"]
[EventDate "2020.04.17"]
[EventRounds "9"]
[EventCountry "AUT"]

1. e4 d6 2. d4 Nf6 3. Bd3 e5 4. d5 Nbd7 5. Nf3 g6 6. O-O Bg7 7. h3 O-O 8. Re1 a5
9. Nbd2 Nc5 10. Nf1 Nfxe4 11. Bxe4 f5 12. Bxf5 gxf5 13. a3 Qe8 14. Ng3 e4 15. Ng5
Qg6 16. Qh5 Qxh5 17. Nxh5 h6 18. Nxg7 Kxg7 19. Ne6+ Bxe6 20. dxe6 Nxe6 21. Be3 f4
22. Bd2 d5 23. b4 axb4 24. Bxb4 c5 25. Bc3+ Kg6 26. Rab1 Rxa3 27. Be5 Kf5 28. Bd6
Rd8 29. g4+ fxg3 30. Bxg3 Rd7 31. Rb6 Rg7 32. Kh2 Rc3 33. Rd1 d4 34. Rd2 e3 35. fxe3
dxe3 36. Rd5+ Kf6 37. Be5+ Kf7 38. Rxb7+ Kf8 39. Rxg7 Rxc2+ 40. Rg2 e2 41. Bd6+ Kf7
42. Re5 Nd4 43. Rf2+ Kg6 44. Rg2+ Kh7 45. Bxc5 Nf3+ 46. Kg3 Nxe5  0-1

[Event "1. OEsterreichische Internet Schach Meisterschaft - Vorrunde 3"]
[Site "Online - Playchess.com"]
[Date ""]
[Round "1"]
[Board "81"]
[White "Maister, Dieter"]
[Black "Stolzlechner, Thomas"]
[Result "0-1"]
[WhiteElo "1851"]
[BlackElo "2037"]
[PlyCount "102"]
[EventDate "2020.04.17"]
[EventRounds "9"]
[EventCountry "AUT"]

1. e4 e5 2. Nf3 Nc6 3. Bc4 Nf6 4. Ng5 d5 5. exd5 Na5 6. Bb5+ c6 7. dxc6 bxc6 8. Qf3
Be7 9. Ba4 h6 10. Ne4 O-O 11. Nbc3 Nd5 12. d3 Nb6 13. Bb3 Nxb3 14. axb3 f5 15. Ng3
Nd5 16. O-O Nb4 17. Qe2 Bf6 18. Re1 a5 19. Na2 Ba6 20. Nxb4 axb4 21. Nxf5 Bxd3 22.
cxd3 Rxa1 23. Qg4 Qc8 24. Nxh6+ Kh7 25. Nf5 g6 26. Qh3+ Kg8 27. Nh6+ Kg7 28. Qg3
Rxc1 29. Rxc1 Kxh6 30. h3 Qf5 31. Rxc6 Bg5 32. Rc5 Qf4 33. Rxe5 Qc1+ 34. Kh2 Bf4
35. Re4 Bxg3+ 36. fxg3 Qxb2 37. Rxb4 Rd8 38. d4 Qb1 39. Rb7 Qd3 40. b4 Rxd4 41. b5
Qb3 42. b6 Rb4 43. Rb8 Rxb6 44. Rc8 Qb2 45. Rc7 Rd6 46. h4 Rd2 47. Kh3 Rxg2 48. Kg4
Qd4+ 49. Kh3 Qf2 50. Rc3 Rh2+ 51. Kg4 Qf5#  0-1